| 000 | 00617nam a2200241 a 4500 | ||
|---|---|---|---|
| 001 | nice12345678 | ||
| 003 | IN_TiNIC | ||
| 005 | 20260116011259.0 | ||
| 008 | 050524s1965 dela grp 000 0 eng | ||
| 020 |
_a _c71.05 |
||
| 082 | 0 | 0 |
_a241.6 _bPIK |
| 100 | _aPike, James A | ||
| 245 |
_aDoing the Truth _b Summary of Christian Ethics |
||
| 260 |
_aDelhi _bIntercultural Publications _c1965 |
||
| 300 | _a178p | ||
| 500 | _aincludes index and biblioraphy | ||
| 505 | 2 | _aNotes, Bibliography, Index | |
| 650 | _aChristian-Ethics | ||
| 700 | 1 | _aPike, James A | |
| 902 | _bSRS | ||
| 942 | _cBK | ||
| 999 |
_c140 _d140 |
||